[Event "MFR_QT_2015"]
[Site "Nürnberg"]
[Date "2015.04.02"]
[Round "5.18"]
[White "Majid, Hakim"]
[Black "Nam, Siwon"]
[Result "1/2-1/2"]
[WhiteElo "1287"]
[BlackElo "1250"]
[PlyCount "39"]
[EventDate "2015.??.??"]
[WhiteTeam "SW Nürnberg Süd e.V."]
[BlackTeam "SC NT Nürnberg"]

1. e4 e5 2. g3 Nf6 3. d3 d5 4. Nd2 Bb4 5. c3 Bc5 6. Bg2 Ng4 7. Nh3 O-O 8. O-O
dxe4 9. Nxe4 Qd5 10. Nf6+ Nxf6 11. Bxd5 Nxd5 12. Qf3 c6 13. Qh5 f6 14. Kg2 g6
15. Qd1 Bxh3+ 16. Kxh3 Nd7 17. Bh6 Rf7 18. Qb3 Rb8 19. Kg2 Nf8 20. Rad1 1/2-1/2

[Event "MFR_QT_2015"]
[Site "Nürnberg"]
[Date "2015.04.03"]
[Round "6.2"]
[White "Walter, Manfred"]
[Black "Lais, Thomas"]
[Result "0-1"]
[WhiteElo "1729"]
[BlackElo "1936"]
[PlyCount "74"]
[EventDate "2015.??.??"]
[WhiteTeam "SV Lauf"]
[BlackTeam "SW Nürnberg Süd"]

1. e4 c5 2. c3 Nf6 3. e5 Nd5 4. d4 cxd4 5. Nf3 Nc6 6. cxd4 d6 7. Bc4 Nb6 8. Bb3
d5 9. Nc3 Bf5 10. O-O e6 11. Bg5 Be7 12. Bxe7 Qxe7 13. Qe2 a6 14. h3 O-O 15. a3
Rac8 16. Na4 Nxa4 17. Bxa4 b5 18. Bxb5 axb5 19. Qxb5 Be4 20. Rfc1 Bxf3 21. Rxc6
Qg5 22. g3 Rxc6 23. Qxc6 Qh6 24. Qc3 Be4 25. g4 f6 26. Qe3 Qxe3 27. fxe3 fxe5
28. Rf1 exd4 29. Rxf8+ Kxf8 30. exd4 g5 31. Kf2 Ke7 32. a4 Kd6 33. b4 Kc6 34.
Kg3 Bc2 35. h4 h6 36. hxg5 hxg5 37. a5 Bd3 0-1

[Event "MFR_QT_2015"]
[Site "Nürnberg"]
[Date "2015.04.03"]
[Round "6.3"]
[White "Diller, Andreas"]
[Black "Hoffmann, Sebastian"]
[Result "1-0"]
[WhiteElo "1572"]
[BlackElo "1796"]
[PlyCount "63"]
[EventDate "2015.??.??"]
[WhiteTeam "SK Rothenburg e.V."]
[BlackTeam "SC NT Nürnberg"]

1. e4 e5 2. f4 Qh4+ 3. g3 Qe7 4. fxe5 d6 5. Nc3 dxe5 6. Nf3 Nc6 7. Bb5 a6 8.
Nd5 Qd8 9. Bxc6+ bxc6 10. Ne3 f6 11. Nxe5 fxe5 12. Qh5+ Kd7 13. Nc4 Bd6 14.
Qg4+ Ke8 15. Qxg7 Qf6 16. Nxd6+ cxd6 17. Qc7 Ne7 18. Rf1 Qg6 19. d3 Qe6 20. Bg5
Qd7 21. Qa5 h6 22. Bf6 Rf8 23. O-O-O Ng6 24. d4 exd4 25. Qh5 Qh7 26. Rxd4 Rf7
27. Rxd6 Rd7 28. Re6+ Kf7 29. Bd8+ Kg7 30. Bf6+ Kg8 31. Bd4 Rg7 32. Re8+ 1-0

[Event "MFR_QT_2015"]
[Site "Nürnberg"]
[Date "2015.04.03"]
[Round "6.4"]
[White "Schöne, Steffen"]
[Black "Birkmann, Günther"]
[Result "0-1"]
[WhiteElo "1719"]
[BlackElo "2052"]
[PlyCount "110"]
[EventDate "2015.??.??"]
[WhiteTeam "SG Zabo-Eintr Nbg"]
[BlackTeam "SK Zirndorf e.V."]

1. Nf3 d5 2. c4 e6 3. Nc3 Nf6 4. e3 Be7 5. b3 O-O 6. Bb2 c5 7. Qc2 Nc6 8. a3 d4
9. Ne4 Nxe4 10. Qxe4 f5 11. Qc2 e5 12. exd4 cxd4 13. d3 Bf6 14. O-O-O Be6 15.
Kb1 Rc8 16. Re1 b5 17. Nd2 bxc4 18. Nxc4 Na5 19. f4 Bxc4 20. bxc4 exf4 21. Be2
Qb6 22. Ka2 Nc6 23. Bf3 Ne5 24. Bd5+ Kh8 25. h3 Rfd8 26. Qd2 Qc5 27. Re2 Rxd5
28. cxd5 Qxd5+ 29. Ka1 h6 30. Rhe1 f3 31. Rxe5 Bxe5 32. gxf3 Bf6 33. Qf4 Kh7
34. h4 g5 35. hxg5 hxg5 36. Qh2+ Kg6 37. Qe2 Kf7 38. Qh2 Kg6 39. Qe2 Qb3 40.
Qe6 Qxe6 41. Rxe6 Kf7 42. Ra6 Rc7 43. a4 g4 44. fxg4 fxg4 45. Rd6 g3 46. Rxf6+
Kxf6 47. Bxd4+ Kf5 48. Kb2 a6 49. Kb3 g2 50. Be3 Rc1 51. Kb4 g1=Q 52. Bxg1 Rxg1
53. Ka5 Rg6 54. Kb4 Ke5 55. Kc5 Rd6 0-1

[Event "MFR_QT_2015"]
[Site "Nürnberg"]
[Date "2015.04.03"]
[Round "6.5"]
[White "Weißmann, Peter"]
[Black "Gajewski, Richard"]
[Result "0-1"]
[WhiteElo "1795"]
[BlackElo "1774"]
[PlyCount "46"]
[EventDate "2015.??.??"]
[WhiteTeam "SK Zirndorf"]
[BlackTeam "Gunzenhausen FC"]

1. e4 d5 2. exd5 Qxd5 3. Nc3 Qa5 4. d4 Nc6 5. Nge2 Bf5 6. Bd2 O-O-O 7. Nb1 Qb6
8. Qc1 e6 9. c3 Nf6 10. Bg5 Be7 11. Ng3 Bg6 12. Nd2 Qa5 13. Bxf6 Bxf6 14. b4
Qd5 15. Nf3 e5 16. c4 Qd6 17. c5 Qe7 18. b5 exd4+ 19. Kd2 Ne5 20. Qa3 Nxf3+ 21.
gxf3 Bg5+ 22. Kd1 Kb8 23. c6 Qxa3 0-1

[Event "MFR_QT_2015"]
[Site "Nürnberg"]
[Date "2015.04.03"]
[Round "6.6"]
[White "Babichev, Vyacheslav"]
[Black "Häßlein, Rainer"]
[Result "1-0"]
[WhiteElo "1830"]
[BlackElo "1510"]
[PlyCount "83"]
[EventDate "2015.??.??"]
[WhiteTeam "SW Nürnberg Süd"]
[BlackTeam "Wolframs-Eschenbach"]

1. b3 d5 2. Bb2 d4 3. Nf3 c5 4. g3 Nc6 5. Bg2 e5 6. d3 f5 7. Nbd2 Nf6 8. Nc4 e4
9. Nfe5 Nxe5 10. Nxe5 Qa5+ 11. c3 dxc3 12. Nc4 c2+ 13. Nxa5 cxd1=Q+ 14. Rxd1 b5
15. Bxf6 gxf6 16. dxe4 c4 17. O-O Bb4 18. Nc6 Be7 19. exf5 Bb7 20. bxc4 bxc4
21. Rc1 Rc8 22. Rxc4 Ba6 23. Rcc1 Ba3 24. Rc3 Bb2 25. Re3+ Be5 26. Nxe5 fxe5
27. Rxe5+ Kf7 28. Re6 Bc4 29. Re4 Bxa2 30. Ra4 Bb3 31. Rxa7+ Kf6 32. Rfa1 h5
33. h4 Bc2 34. R1a6+ Ke5 35. f4+ Kd4 36. f6 Bb3 37. Kf2 Bc2 38. Rd6+ Kc3 39.
Re7 Rhf8 40. Bf3 Rc5 41. Re3+ Kb2 42. Re5 1-0

[Event "MFR_QT_2015"]
[Site "Nürnberg"]
[Date "2015.04.03"]
[Round "6.7"]
[White "Gets, Alexej"]
[Black "Müller, Ludwig"]
[Result "1/2-1/2"]
[WhiteElo "1643"]
[BlackElo "1601"]
[PlyCount "49"]
[EventDate "2015.??.??"]
[WhiteTeam "SC NT Nürnberg"]
[BlackTeam "SG Nürnberg 1978 e.V."]

1. e4 b6 2. d4 Bb7 3. Nc3 e6 4. Nf3 Bb4 5. Bd3 Nf6 6. Bg5 h6 7. Bh4 g5 8. Nxg5
hxg5 9. Bxg5 Be7 10. Qd2 d5 11. e5 Ne4 12. Bxe7 Qxe7 13. Bxe4 dxe4 14. Qe3 Qh4
15. O-O-O Qh6 16. Rde1 Qxe3+ 17. Rxe3 Nc6 18. Rxe4 O-O-O 19. Ne2 Nxd4 20. Rxd4
Rxd4 21. Nxd4 Bxg2 22. Rg1 Rxh2 23. c4 Rh1 24. Rxh1 Bxh1 25. Kd2 1/2-1/2

[Event "MFR_QT_2015"]
[Site "Nürnberg"]
[Date "2015.04.03"]
[Round "6.8"]
[White "Rummel, Gerald"]
[Black "Kuhmann, Peter"]
[Result "0-1"]
[WhiteElo "1809"]
[BlackElo "1969"]
[PlyCount "80"]
[EventDate "2015.??.??"]
[WhiteTeam "SC Anderssen Nbg"]
[BlackTeam "TSV Kirchehrenbach"]

1. Nf3 Nf6 2. c4 e6 3. g3 d5 4. b3 Be7 5. Bb2 O-O 6. Bg2 c5 7. e3 Nc6 8. O-O d4
9. exd4 cxd4 10. Re1 Bc5 11. d3 Qc7 12. Nbd2 e5 13. Ng5 Bg4 14. Qc1 Nb4 15. Qb1
Nc6 16. a3 a5 17. Nge4 Nxe4 18. Nxe4 b6 19. Bc1 Rae8 20. f4 f6 21. Ra2 Ne7 22.
b4 f5 23. Ng5 Bd6 24. Ne6 Qb8 25. Nxf8 Kxf8 26. Rf2 Ng6 27. h3 Bh5 28. g4 fxg4
29. Bc6 Re7 30. f5 g3 31. Rff1 Nf4 32. Bxf4 exf4 33. Rxe7 Bxe7 34. Kg2 Qe5 35.
Be4 f3+ 36. Bxf3 Bxf3+ 37. Rxf3 Qe2+ 38. Kxg3 Bd6+ 39. Kg4 h5+ 40. Kxh5 Qxf3+
0-1

[Event "MFR_QT_2015"]
[Site "Nürnberg"]
[Date "2015.04.03"]
[Round "6.9"]
[White "Schanz, Karlheinz"]
[Black "Cordts, Elof"]
[Result "1/2-1/2"]
[WhiteElo "1905"]
[BlackElo "1779"]
[PlyCount "107"]
[EventDate "2015.??.??"]
[WhiteTeam "SC Mühlh.-Reichelsdorf"]
[BlackTeam "SC Erlangen"]

1. e4 c5 2. Nc3 d6 3. g3 g6 4. Bg2 Bg7 5. Nge2 Nc6 6. O-O Nf6 7. d3 O-O 8. h3
Bd7 9. Be3 Rb8 10. a4 e6 11. Qd2 Nb4 12. Rfc1 Re8 13. Bh6 Bh8 14. Nd1 Nc6 15.
Ne3 Nh5 16. c3 Bg7 17. Bxg7 Nxg7 18. Kh2 e5 19. Rf1 Be6 20. c4 Nd4 21. Nxd4
cxd4 22. Nc2 Qd7 23. b3 Rf8 24. Na3 f5 25. f3 a6 26. Rad1 Qe7 27. b4 Nh5 28.
Nc2 Qg7 29. Rc1 g5 30. b5 Nf6 31. g4 fxg4 32. fxg4 h6 33. Nb4 a5 34. Na2 b6 35.
Rce1 Nd7 36. Nc1 Rxf1 37. Rxf1 Nc5 38. Qd1 Rf8 39. Ne2 Rxf1 40. Bxf1 Qf7 41.
Kg2 h5 42. Ng3 hxg4 43. hxg4 Qf4 44. Be2 Nd7 45. Nh5 Qf7 46. Qc2 Qg6 47. Bd1
Nf6 48. Nxf6+ Qxf6 49. Qf2 Qf4 50. Qxf4 gxf4 51. Kh3 Kg7 52. Kh4 Kg6 53. Bf3
Bf7 54. Bd1 1/2-1/2

[Event "MFR_QT_2015"]
[Site "Nürnberg"]
[Date "2015.04.03"]
[Round "6.10"]
[White "Sroka, Dieter"]
[Black "Walch, Roger"]
[Result "1-0"]
[WhiteElo "1752"]
[BlackElo "1757"]
[PlyCount "73"]
[EventDate "2015.??.??"]
[WhiteTeam "SC  JÄKLECHEMIE"]
[BlackTeam "SW Nürnberg Süd"]

1. d4 Nf6 2. Nf3 c5 3. g3 cxd4 4. Bg2 Nc6 5. Nxd4 g6 6. O-O Bg7 7. c3 O-O 8. e4
d6 9. h4 Qb6 10. Nc2 Be6 11. Ne3 Ne5 12. Qe2 Rac8 13. Na3 a6 14. Kh1 Rc5 15. f4
Nc6 16. Nd5 Nxd5 17. exd5 Bxd5 18. Be3 Bxg2+ 19. Kxg2 Qc7 20. Bxc5 dxc5 21.
Rad1 e6 22. Nc4 Ne7 23. Qf3 Nd5 24. Ne3 Ne7 25. Rd2 b5 26. Rfd1 Qa5 27. a3 b4
28. axb4 cxb4 29. c4 Qa2 30. Qb7 Qb3 31. Rd3 Qxb2+ 32. R1d2 Qf6 33. Ng4 Qa1 34.
Qxe7 h5 35. Ne5 a5 36. Rd8 Rxd8 37. Qxf7+ 1-0

[Event "MFR_QT_2015"]
[Site "Nürnberg"]
[Date "2015.04.03"]
[Round "6.11"]
[White "Diebel, Günter"]
[Black "Münzenberg, Dietrich"]
[Result "1-0"]
[WhiteElo "1709"]
[BlackElo "1729"]
[PlyCount "107"]
[EventDate "2015.??.??"]
[WhiteTeam "SW Nürnberg Süd"]
[BlackTeam "Zabo-Eintracht Nürnberg"]

1. e4 c6 2. f4 d5 3. e5 Bf5 4. Nf3 e6 5. d4 c5 6. Be3 Qb6 7. b3 Nc6 8. c3 Nh6
9. h3 Be7 10. Bd3 cxd4 11. Nxd4 Nxd4 12. Bxd4 Bh4+ 13. Kd2 Qa5 14. b4 Qc7 15.
Bb5+ Kf8 16. Bc5+ Be7 17. Bxe7+ Kxe7 18. g4 Be4 19. Rh2 Rhd8 20. Ke1 Qb6 21.
Qe2 a6 22. Ba4 Qg1+ 23. Kd2 Qg3 24. Qf2 Qd3+ 25. Ke1 Rac8 26. Bc2 Qc4 27. Qe3
Bxc2 28. Rxc2 d4 29. Qf3 d3 30. Rd2 Rd5 31. Kf2 Rcd8 32. Kg3 f6 33. exf6+ gxf6
34. Qe3 Kf7 35. f5 Nxf5+ 36. gxf5 Rxf5 37. Kh2 Rg5 38. Rf2 Rdg8 39. Nd2 Qxc3
40. Rxf6+ Qxf6 41. Rf1 Rg2+ 42. Kh1 Rg1+ 43. Qxg1 Rxg1+ 44. Kxg1 e5 45. Rxf6+
Kxf6 46. Kf2 Kg5 47. Ke3 Kh4 48. Nf3+ Kxh3 49. Ng5+ Kg4 50. Nxh7 d2 51. Kxd2
Kf3 52. Nf6 Kf4 53. Nd7 Ke4 54. Kc3 1-0

[Event "MFR_QT_2015"]
[Site "Nürnberg"]
[Date "2015.04.03"]
[Round "6.12"]
[White "Röckl, Adelbert"]
[Black "Dreiseitel, Werner"]
[Result "1/2-1/2"]
[WhiteElo "1596"]
[BlackElo "1571"]
[PlyCount "90"]
[EventDate "2015.??.??"]
[WhiteTeam "SG Zabo-Eintr Nbg"]
[BlackTeam "SC NT Nürnberg"]

1. c4 c6 2. g3 d5 3. Bg2 Nf6 4. b3 Bf5 5. Bb2 e6 6. Nf3 Be7 7. O-O h6 8. e3 O-O
9. d3 Nbd7 10. d4 Qc7 11. Nc3 Rfe8 12. Rc1 Qa5 13. c5 Rac8 14. a3 Qc7 15. Re1
e5 16. Nxe5 Nxe5 17. dxe5 Qxe5 18. Ba1 Qc7 19. b4 a5 20. Qd4 axb4 21. axb4 Bf8
22. e4 dxe4 23. Nxe4 Bxe4 24. Bxe4 Rcd8 25. Qc4 Nxe4 26. Rxe4 Qd7 27. Rxe8 Rxe8
28. Qc2 Re6 29. Rd1 Qe8 30. Bc3 Re2 31. Qd3 Re6 32. Kf1 Qc8 33. Qd7 Qxd7 34.
Rxd7 Re7 35. Rd8 f6 36. Bd2 Kf7 37. Bf4 Re8 38. Rd7+ Re7 39. Rd1 Re4 40. Rb1
Rd4 41. Be3 Rd7 42. Ke2 Be7 43. g4 Kg6 44. Ra1 f5 45. h3 Bf6 1/2-1/2

[Event "MFR_QT_2015"]
[Site "Nürnberg"]
[Date "2015.04.03"]
[Round "6.13"]
[White "Leibel, Georg"]
[Black "Chowdhury, Sandip"]
[Result "1-0"]
[WhiteElo "1221"]
[BlackElo "1540"]
[PlyCount "53"]
[EventDate "2015.??.??"]
[WhiteTeam "SC NT Nürnberg"]
[BlackTeam "SC NT Nürnberg"]

1. e4 c5 2. Nf3 g6 3. Bc4 e6 4. Nc3 Bg7 5. d3 Ne7 6. Bg5 Nbc6 7. O-O O-O 8. Rb1
a6 9. Qd2 b5 10. Bb3 Re8 11. Bh6 Bh8 12. Qe3 d6 13. Ng5 Ne5 14. Qh3 Bf6 15. f4
Bxg5 16. Bxg5 Nd7 17. Qh6 Qb6 18. Kh1 Kh8 19. e5 Ng8 20. Qh4 d5 21. Nxd5 exd5
22. Bxd5 Ra7 23. Bxf7 Rf8 24. e6 Kg7 25. f5 Rxf7 26. exf7 Kxf7 27. Qxh7+ 1-0

[Event "MFR_QT_2015"]
[Site "Nürnberg"]
[Date "2015.04.03"]
[Round "6.14"]
[White "Huber, Dominik"]
[Black "Zeug, Klaus-Peter"]
[Result "0-1"]
[WhiteElo "1087"]
[BlackElo "1613"]
[PlyCount "62"]
[EventDate "2015.??.??"]
[WhiteTeam "SC NT Nürnberg"]
[BlackTeam "SK Nürnberg"]

1. e4 e5 2. Nf3 Nc6 3. Bc4 Bc5 4. d3 Nf6 5. Nc3 d6 6. Bg5 h6 7. Bxf6 Qxf6 8.
Nd5 Qd8 9. c3 Bg4 10. Bb5 O-O 11. Qe2 a6 12. Bxc6 bxc6 13. Ne3 Be6 14. O-O Re8
15. Rad1 a5 16. d4 exd4 17. cxd4 Bb6 18. b3 Bc8 19. Qb2 Rxe4 20. Qc2 Qe8 21.
Rfe1 c5 22. Nh4 cxd4 23. f3 Rxe3 24. Rxe3 dxe3 25. Re1 Qe5 26. Qc6 Rb8 27. f4
Qe7 28. Kf1 Bb7 29. Qb5 Qxh4 30. g3 Qxh2 31. f5 Qf2# 0-1

[Event "MFR_QT_2015"]
[Site "Nürnberg"]
[Date "2015.04.03"]
[Round "6.15"]
[White "Grieneisen Pivatto, Nicolas"]
[Black "Dreiseitel, Ursula"]
[Result "0-1"]
[WhiteElo "1412"]
[BlackElo "1483"]
[PlyCount "64"]
[EventDate "2015.??.??"]
[WhiteTeam "FSV Großenseebach"]
[BlackTeam "SC NT Nürnberg"]

1. d4 Nf6 2. c4 g6 3. Nf3 Bg7 4. Bf4 d6 5. e3 Nbd7 6. Nc3 Nh5 7. Bg3 Nxg3 8.
hxg3 b6 9. Bd3 Bb7 10. Qc2 Nf6 11. O-O-O Qd7 12. Kb1 O-O-O 13. Qe2 Kb8 14. c5
Nd5 15. Nxd5 Bxd5 16. cxb6 cxb6 17. Bc4 Bxc4 18. Qxc4 e6 19. Rc1 h6 20. Rc2 Rc8
21. Qb3 Rxc2 22. Qxc2 Rc8 23. Qd2 Qb5 24. Rc1 Rxc1+ 25. Qxc1 Qd3+ 26. Qc2 Qf1+
27. Qc1 Qxg2 28. Nh4 Qd5 29. Qf1 Kb7 30. Ng2 e5 31. dxe5 Qxe5 32. Qe2 Qe4+ 0-1

[Event "MFR_QT_2015"]
[Site "Nürnberg"]
[Date "2015.04.03"]
[Round "6.17"]
[White "Schmucker, Jonas"]
[Black "Majid, Hakim"]
[Result "1-0"]
[WhiteElo "1447"]
[BlackElo "1287"]
[PlyCount "101"]
[EventDate "2015.??.??"]
[WhiteTeam "SC NT Nürnberg"]
[BlackTeam "SW Nürnberg Süd e.V."]

1. e4 e5 2. Nf3 d6 3. d4 exd4 4. Nxd4 Nd7 5. Nc3 Be7 6. Bc4 Ngf6 7. O-O O-O 8.
f4 c6 9. Rf3 Nb6 10. Be2 Bg4 11. Rg3 Bxe2 12. Qxe2 g6 13. f5 Nfd7 14. fxg6 fxg6
15. Ne6 Qe8 16. Nxf8 Qxf8 17. Rf3 Qg7 18. Bf4 Ne5 19. Bxe5 Qxe5 20. Qd3 Nd7 21.
Qc4+ Kg7 22. Qf7+ Kh8 23. Rh3 Qg7 24. Qxg7+ Kxg7 25. Rf1 Nf6 26. Rhf3 Rf8 27.
Re1 Bd8 28. e5 dxe5 29. Rxe5 Bb6+ 30. Kh1 Rf7 31. Ne4 Bd8 32. Nxf6 Bxf6 33. Ra5
a6 34. g3 Re7 35. b3 Re1+ 36. Kg2 Bd4 37. Rf4 Bb6 38. Raa4 Re2+ 39. Kh3 Rxc2
40. Rae4 Bd8 41. Rd4 Bg5 42. Rd7+ Kh6 43. Rff7 Be3 44. Rxh7+ Kg5 45. Rd1 Rxa2
46. Rxb7 c5 47. Rd5+ Kh6 48. Rd1 a5 49. Rd8 Bg1 50. Kg4 g5 51. Rd6# 1-0

[Event "MFR_QT_2015"]
[Site "Nürnberg"]
[Date "2015.04.03"]
[Round "6.18"]
[White "Nam, Siwon"]
[Black "Hauck, Martin"]
[Result "0-1"]
[WhiteElo "1250"]
[BlackElo "904"]
[PlyCount "50"]
[EventDate "2015.??.??"]
[WhiteTeam "SC NT Nürnberg"]
[BlackTeam "SC NT Nürnberg 1873"]

1. e4 e5 2. Nf3 Nc6 3. d4 exd4 4. Nxd4 Bd6 5. Nxc6 bxc6 6. Nc3 Qe7 7. Bc4 Nf6
8. Bg5 O-O 9. O-O Bxh2+ 10. Kxh2 Qe5+ 11. Kg1 Qxg5 12. Qe2 d5 13. exd5 cxd5 14.
Qe3 Qxe3 15. fxe3 dxc4 16. e4 c6 17. e5 Ng4 18. Rf4 Be6 19. Re4 Rad8 20. a3 Rd7
21. Rc1 Rfd8 22. b4 cxb3 23. cxb3 Rd3 24. g3 Rxg3+ 25. Kf1 Rf3+ 0-1

[Event "MFR_QT_2015"]
[Site "Nürnberg"]
[Date "2015.04.04"]
[Round "7.1"]
[White "Pidtoptanyy, Igor"]
[Black "Diller, Andreas"]
[Result "1/2-1/2"]
[WhiteElo "1959"]
[BlackElo "1572"]
[PlyCount "41"]
[EventDate "2015.??.??"]
[WhiteTeam "SW Nürnberg Süd"]
[BlackTeam "SK Rothenburg e.V."]

1. e4 e6 2. d4 d5 3. Nc3 Nf6 4. Bg5 Be7 5. e5 Nfd7 6. Bxe7 Qxe7 7. f4 a6 8. Nf3
c5 9. dxc5 Nxc5 10. Bd3 Nc6 11. O-O b5 12. a3 Qa7 13. Kh1 Ne7 14. b4 Nxd3 15.
cxd3 Nf5 16. Qd2 d4 17. Ne4 O-O 18. Rfc1 Bb7 19. Rc5 Rac8 20. Rac1 Rxc5 21.
Rxc5 1/2-1/2

[Event "MFR_QT_2015"]
[Site "Nürnberg"]
[Date "2015.04.04"]
[Round "7.2"]
[White "Birkmann, Günther"]
[Black "Lais, Thomas"]
[Result "1/2-1/2"]
[WhiteElo "2052"]
[BlackElo "1936"]
[PlyCount "32"]
[EventDate "2015.??.??"]
[WhiteTeam "SK Zirndorf e.V."]
[BlackTeam "SW Nürnberg Süd"]

1. Nf3 Nf6 2. c4 g6 3. Nc3 d5 4. Qa4+ c6 5. cxd5 Nxd5 6. Nxd5 Qxd5 7. e4 Qd8 8.
d4 Bg7 9. Be3 O-O 10. Be2 Qb6 11. Qa3 c5 12. e5 cxd4 13. Bxd4 Qc7 14. O-O Nc6
15. Rac1 Bg4 16. h3 Bxf3 1/2-1/2

[Event "MFR_QT_2015"]
[Site "Nürnberg"]
[Date "2015.04.04"]
[Round "7.3"]
[White "Kuhmann, Peter"]
[Black "Babichev, Vyacheslav"]
[Result "1-0"]
[WhiteElo "1969"]
[BlackElo "1830"]
[PlyCount "115"]
[EventDate "2015.??.??"]
[WhiteTeam "TSV Kirchehrenbach"]
[BlackTeam "SW Nürnberg Süd"]

1. Nc3 Nf6 2. d4 e6 3. e4 d6 4. Bg5 Be7 5. Bd3 h6 6. Be3 e5 7. Nf3 Nbd7 8. Qe2
exd4 9. Bxd4 c5 10. Be3 Ne5 11. Bb5+ Bd7 12. Nxe5 dxe5 13. Rd1 Qc7 14. Bxd7+
Nxd7 15. Nd5 Qc6 16. O-O Bd8 17. Qg4 g6 18. Rd2 h5 19. Qd1 b6 20. f4 O-O 21. f5
Kg7 22. fxg6 f6 23. Qxh5 Rh8 24. Qf5 Nf8 25. Rdf2 Nd7 26. Rf3 a5 27. Bg5 Rh5
28. Nxf6 Bxf6 29. Bxf6+ Nxf6 30. Qxf6+ Qxf6 31. Rxf6 Rb8 32. Re6 b5 33. Rf7+
Kg8 34. Rf5 Rh6 35. Rfxe5 Rc8 36. Re8+ Rxe8 37. Rxe8+ Kg7 38. Re5 Rxg6 39. Rxc5
Rb6 40. Kf2 a4 41. g4 b4 42. h4 a3 43. bxa3 bxa3 44. Ra5 Rb2 45. Rxa3 Rxc2+ 46.
Ke3 Rh2 47. Ra7+ Kf6 48. Ra6+ Ke5 49. Ra5+ Kf6 50. h5 Kg7 51. Kf4 Rf2+ 52. Kg5
Rf7 53. a4 Re7 54. e5 Kh7 55. Kf6 Rc7 56. g5 Rc6+ 57. e6 Kg8 58. g6 1-0

[Event "MFR_QT_2015"]
[Site "Nürnberg"]
[Date "2015.04.04"]
[Round "7.5"]
[White "Hoffmann, Sebastian"]
[Black "Walter, Manfred"]
[Result "1-0"]
[WhiteElo "1796"]
[BlackElo "1729"]
[PlyCount "39"]
[EventDate "2015.??.??"]
[WhiteTeam "SC NT Nürnberg"]
[BlackTeam "SV Lauf"]

1. e4 d6 2. Nf3 Nf6 3. c3 e5 4. Bd3 Bg4 5. Bc2 Nc6 6. d4 exd4 7. cxd4 Be7 8.
Be3 Nb4 9. Ba4+ c6 10. a3 Na6 11. Qd3 Nc7 12. Nbd2 O-O 13. O-O Re8 14. b4 Bd7
15. Bc2 g6 16. h3 Bf8 17. Bg5 Bg7 18. e5 Bf5 19. Qb3 Be6 20. Qb1 1-0

[Event "MFR_QT_2015"]
[Site "Nürnberg"]
[Date "2015.04.04"]
[Round "7.6"]
[White "Häßlein, Rainer"]
[Black "Schanz, Karlheinz"]
[Result "0-1"]
[WhiteElo "1510"]
[BlackElo "1905"]
[PlyCount "112"]
[EventDate "2015.??.??"]
[WhiteTeam "Wolframs-Eschenbach"]
[BlackTeam "SC Mühlh.-Reichelsdorf"]

1. e4 d5 2. e5 Bf5 3. f4 h6 4. d4 e6 5. Nf3 Ne7 6. c4 dxc4 7. Bxc4 Nd5 8. O-O
c6 9. Nc3 Nd7 10. Nxd5 cxd5 11. Bd3 Bxd3 12. Qxd3 Nb6 13. b3 Qd7 14. Bd2 Be7
15. Rac1 O-O 16. Rc2 Rac8 17. Rfc1 Rxc2 18. Rxc2 Rc8 19. Ba5 Bd8 20. Rc5 Be7
21. Bxb6 Bxc5 22. Bxc5 b6 23. Ba3 Qc6 24. Ne1 a5 25. Bb2 a4 26. bxa4 Qxa4 27.
Qb3 Qa6 28. Nd3 Ra8 29. Kf2 Qxa2 30. Qxa2 Rxa2 31. Ke2 Kf8 32. Kd2 Ke7 33. Kc3
Ra4 34. Nb4 Kd7 35. f5 Ra8 36. g4 g6 37. f6 g5 38. Kb3 Kc7 39. Nd3 Kb7 40. Kb4
Kc6 41. Ne1 Ra2 42. Kb3 Ra8 43. Nf3 Kb5 44. Ba3 Rc8 45. h4 gxh4 46. g5 hxg5 47.
Nxg5 Rg8 48. Bc1 h3 49. Nxf7 h2 50. Nd6+ Kc6 51. f7 Rg3+ 52. Kb4 Rf3 53. Bh6
h1=Q 54. Nc4 Qb1+ 55. Ka4 Qc2+ 56. Kb4 Qxc4# 0-1

[Event "MFR_QT_2015"]
[Site "Nürnberg"]
[Date "2015.04.04"]
[Round "7.7"]
[White "Müller, Ludwig"]
[Black "Schöne, Steffen"]
[Result "1/2-1/2"]
[WhiteElo "1601"]
[BlackElo "1719"]
[PlyCount "119"]
[EventDate "2015.??.??"]
[WhiteTeam "SG Nürnberg 1978 e.V."]
[BlackTeam "SG Zabo-Eintr Nbg"]

1. Nf3 Nf6 2. b3 Nc6 3. Bb2 d6 4. d4 Bf5 5. e3 Nb4 6. Bd3 Nxd3+ 7. cxd3 d5 8.
O-O h6 9. Nc3 e6 10. Ne5 c6 11. f3 Bh7 12. e4 Nh5 13. Ne2 g5 14. Ng4 Bg7 15. e5
Nf4 16. Nf2 h5 17. g3 Ng6 18. Nh3 Bh6 19. f4 g4 20. Nf2 Ne7 21. h4 gxh3 22.
Nxh3 Nf5 23. Kf2 Rg8 24. Rg1 Qe7 25. Qd2 O-O-O 26. Rg2 Rg4 27. Rag1 Rdg8 28.
Bc1 h4 29. Ng5 Bxg5 30. fxg5 R8xg5 31. gxh4 Rxg2+ 32. Rxg2 Rxg2+ 33. Kxg2 Nxh4+
34. Kf2 Nf5 35. Qg5 Kd7 36. Qxe7+ Kxe7 37. Bg5+ Kf8 38. Ke1 Kg7 39. Kd2 Kg6 40.
Bf4 Kh5 41. Ng3+ Kg4 42. Nxf5 Kxf4 43. Nd6 b6 44. Nxf7 c5 45. Nd8 cxd4 46.
Nxe6+ Kxe5 47. Ng5 Bg6 48. Nf3+ Kd6 49. Nxd4 Kc5 50. Kc3 a5 51. a3 Be8 52. b4+
axb4+ 53. axb4+ Kd6 54. Nc2 Ke5 55. d4+ Kf4 56. Na3 Ke3 57. Nc2+ Ke2 58. Na3
Ba4 59. Nb1 Ke3 60. Na3 1/2-1/2

[Event "MFR_QT_2015"]
[Site "Nürnberg"]
[Date "2015.04.04"]
[Round "7.8"]
[White "Gets, Alexej"]
[Black "Diebel, Günter"]
[Result "1/2-1/2"]
[WhiteElo "1643"]
[BlackElo "1709"]
[PlyCount "62"]
[EventDate "2015.??.??"]
[WhiteTeam "SC NT Nürnberg"]
[BlackTeam "SW Nürnberg Süd"]

1. c4 c6 2. b4 e5 3. Bb2 Bd6 4. Nf3 f6 5. Qb3 Bc7 6. Nc3 Ne7 7. c5 d5 8. cxd6
Qxd6 9. b5 Be6 10. Qa4 Nd5 11. Ne4 Qb4 12. Qxb4 Nxb4 13. bxc6 N8xc6 14. Nc5 Bd5
15. e4 Bf7 16. Bb5 O-O-O 17. O-O a6 18. Bxc6 Nxc6 19. Rfc1 Kb8 20. Nxa6+ bxa6
21. Rxc6 Rd6 22. Rxd6 Bxd6 23. d4 exd4 24. Bxd4 Rc8 25. Rb1+ Ka8 26. g3 Bxa2
27. Rb6 Rc1+ 28. Kg2 Bc4 29. Nd2 Bc7 30. Nxc4 Rxc4 31. Rxa6+ Kb7 1/2-1/2

[Event "MFR_QT_2015"]
[Site "Nürnberg"]
[Date "2015.04.04"]
[Round "7.9"]
[White "Cordts, Elof"]
[Black "Sroka, Dieter"]
[Result "1-0"]
[WhiteElo "1779"]
[BlackElo "1752"]
[PlyCount "69"]
[EventDate "2015.??.??"]
[WhiteTeam "SC Erlangen"]
[BlackTeam "SC  JÄKLECHEMIE"]

1. c4 c5 2. Nc3 Nc6 3. Nf3 g6 4. d4 cxd4 5. Nxd4 Bg7 6. Nc2 Nf6 7. e4 d6 8. Be2
O-O 9. O-O Nd7 10. Be3 Nc5 11. f3 b6 12. Qd2 Bb7 13. Rad1 Qc8 14. Bh6 Ne6 15.
Bxg7 Kxg7 16. f4 f6 17. b3 Ncd8 18. Kh1 Nc5 19. Bf3 Nf7 20. Qe2 e5 21. Bg4 f5
22. exf5 gxf5 23. Bh5 Qe6 24. Nd5 Bxd5 25. Rxd5 e4 26. Ne3 Nh6 27. g4 fxg4 28.
Nxg4 Nf5 29. Ne3 Nxe3 30. Qxe3 Qf6 31. f5 Rad8 32. b4 Nd3 33. a3 Ne5 34. Qd4
Rg8 35. c5 1-0

[Event "MFR_QT_2015"]
[Site "Nürnberg"]
[Date "2015.04.04"]
[Round "7.10"]
[White "Zeug, Klaus-Peter"]
[Black "Weißmann, Peter"]
[Result "0-1"]
[WhiteElo "1613"]
[BlackElo "1795"]
[PlyCount "78"]
[EventDate "2015.??.??"]
[WhiteTeam "SK Nürnberg"]
[BlackTeam "SK Zirndorf"]

1. e4 c5 2. Nc3 Nc6 3. f4 g6 4. Nf3 e6 5. Bb5 Nge7 6. O-O Bg7 7. d3 Nd4 8. Nxd4
cxd4 9. Ne2 a6 10. Ba4 b5 11. Bb3 a5 12. a4 b4 13. Qe1 Bb7 14. Qf2 Qb6 15. Bd2
d5 16. e5 Nf5 17. Nc1 Bf8 18. Kh1 Bc5 19. Qf3 Rc8 20. Ne2 O-O 21. Ng3 Ne3 22.
Rfc1 h5 23. Be1 Be7 24. Ne2 Rc7 25. Bf2 Rfc8 26. Bxe3 dxe3 27. d4 Ba6 28. Rd1
Rxc2 29. Bxc2 Rxc2 30. Re1 Bxe2 31. Rxe2 Rxe2 32. Qxe2 Qxd4 33. g3 Bc5 34. Rd1
Qe4+ 35. Kg1 b3 36. Rd3 Qxa4 37. Rxe3 Bxe3+ 38. Qxe3 Qa1+ 39. Kf2 Qxb2+ 0-1

[Event "MFR_QT_2015"]
[Site "Nürnberg"]
[Date "2015.04.04"]
[Round "7.11"]
[White "Walch, Roger"]
[Black "Leibel, Georg"]
[Result "1-0"]
[WhiteElo "1757"]
[BlackElo "1221"]
[PlyCount "47"]
[EventDate "2015.??.??"]
[WhiteTeam "SW Nürnberg Süd"]
[BlackTeam "SC NT Nürnberg"]

1. e4 e5 2. Bc4 Bc5 3. Nc3 Nf6 4. Nf3 Nc6 5. O-O O-O 6. a3 b6 7. b4 Be7 8. d3
d6 9. h3 Be6 10. Nd5 Qd7 11. Ng5 h6 12. Nxe7+ Nxe7 13. Nxe6 fxe6 14. f4 exf4
15. Bxf4 Kh8 16. Qd2 Kh7 17. Rae1 e5 18. Bh2 Ng6 19. d4 Nxe4 20. Rxe4 Rxf1+ 21.
Bxf1 Rf8 22. dxe5 Qf5 23. Bd3 d5 24. Rg4 1-0